TOP 20 football countries - Statistics

General Stats
  • This quiz has been taken 73 times
    19 since last reset
  • The average score is 17 of 20
Answer Stats
Answer % Correct
3 Argentina
100%
2 France
100%
5 Portugal
100%
1 Spain
100%
9 Belgium
94%
13 Colombia
94%
10 Germany
94%
12 Italy
94%
6 Brazil
89%
4 England
89%
16 USA
89%
15 Mexico
83%
7 Netherlands
83%
11 Croatia
78%
8 Morocco
78%
17 Uruguay
78%
19 Switzerland
72%
18 Japan
67%
20 Denmark
61%
14 Senegal
56%
No matching quizzes found
Score Distribution
Percent of People with Each Score
Percentile by Number Answered
Your Score History
You have not taken this quiz since the last reset